Where Is That Country Located? #2 - Statistics

General Stats
  • This quiz has been taken 17 times
  • The average score is 9 of 10
Answer Stats
Question Answer % Correct
Oman Arabian Peninsula
100%
South Korea Korean Peninsula
100%
Albania Balkan Peninsula
94%
San Marino Italian Peninsula
94%
Vatican City Italian Peninsula
94%
Denmark Jutland Peninsula
94%
Singapore Malay Peninsula
94%
Sweden Scandinavian Peninsula
94%
Brunei Borneo
88%
Portugal Iberian Peninsula
88%
No matching quizzes found
Score Distribution
Percent of People with Each Score
Percentile by Number Answered
Your Score History
You have not taken this quiz